000 01047nam0a22002891 4500
001 RU\NLR\INFOCOMM_161\5000086870
005 20250613100429.0
035 _a(NLR Aleph) 009342472
090 _a9521361
_c9521361
100 _a20101028d1986 |||y0rusy50 ca
101 0 _aspa
102 _aRU
105 _ay ||||000|y
200 1 _aAhorro de energía, importante factor de la intensificación de la economía nacional
_f[Y. A. Foline]
_gCom. estat. de la URSS para la ciencia y la técnica. Dep. de interoambios intern. de inform.
210 _aM.
_d1986
215 _a[1], 15 с.
_d21 см
300 _aАвт. указан на обл.
300 _aНа обл. надзаг. также на рус. яз.
606 _aЭнергетические ресурсы
_xИспользование
_2nlr_sh1
686 _aУ5-554
_2rubbk
700 1 _9z02790
_aFolin
_bJu. A.
_4070
790 1 _9z02700
_aFoline
_bY. A.
_4070
801 1 _aRU
_bNLR
_c20101028
801 0 _aRU
_bNLR
_gPSBO
852 _aNLR
_jЭк21 Д-4/231
942 _cBOOK
980 _aNB